L`évolution de l`IDE en Slovaquie dans un période 1993-2000 et son impact sur l`emploi

Salvato in:
Dettagli Bibliografici
Autore principale: Přívarová, Magdaléna, 1955-
Natura: Capitolo di libro
Lingua:francese
Tags: Aggiungi Tag
Nessun Tag, puoi essere il primo ad aggiungerne!!

MARC

LEADER 00000naa$a2200000$$$4500
001 0112643
005 20240502083259.7
041 0 |a fre 
044 |a PT 
245 1 0 |a L`évolution de l`IDE en Slovaquie dans un période 1993-2000 et son impact sur l`emploi  |c Magdaléna Přívarová 
100 1 |a Přívarová, Magdaléna, 1955-